| 000 | 00000nam##2200000za#4500 |
| 001 | 9.675800 |
| 003 | CaOODSP |
| 005 | 20210624225435 |
| 007 | cr ||||||||||| |
| 008 | 150407|1998||||xxc|||||o f|0| 0 fre|d |
| 040 | |aCaOODSP|bfre |
| 041 | |aeng |
| 041 | |afre |
| 043 | |an-cn--- |
| 086 | 1 |aH39-432/1998-PDF |
| 110 | 1 |aCanada.|bSanté Canada. |bDirection générale des politiques et de la consultation. |
| 245 | 10|aDépenses publiques de soins à domicle au Canada, 1975-76 à 1997-1998 : |h[ressource électronique]|bfeuilles d'information / |c[par André Grenon et Gary Holmes]. |
| 260 | |aOttawa - Ontario : |bSanté Canada. |cMars 1998. |
| 300 | |a6p.|bgraphiques, tableaux |
| 500 | |aLe nº de catalogue (H39-432/1998) et l'ISBN (0-662-63447-0) de l'édition imprimée bilingue ont été incorrectement copiés dans cette édition électronique. |
| 546 | |aBilingue |
| 590 | |a12-26-Supp|b2012-06-07 |
| 691 | 07|aDépenses publiques|2gcpds |
| 691 | 07|aSoins de santé|2gcpds |
| 720 | 1 |aGrenon, André |
| 720 | 1 |aHolmes, Gary |
| 791 | |tPublic home care expenditures in Canada, 1975-76 to 1997-98 : |eeng|w(CaOODSP)9.675799 |
| 856 | 40|ahttp://publications.gc.ca|qPDF|s86 Ko|uhttps://publications.gc.ca/collections/Collection/H39-432-1998.pdf |